A Little Bit Bad - Statistics

General Stats
  • This quiz has been taken 7 times
  • The average score is 213 of 362
Answer Stats
Hint Answer % Correct
(Jammi) | (Pox and Jammi) | (Pox) I
100%
(Jammi) I-
100%
(Jammi) | (Pox) You
86%
(Jammi) You?!
86%
(Jammi) | (Pox and Jammi) | (Pox) A
71%
(Pox) A...
71%
(Jammi) | (Pox and Jammi) | (Pox) And
71%
(Pox) Ba
71%
(Jammi) | (Pox and Jammi) | (Pox) Bad
71%
(Pox) Bad~!
71%
(Jammi) Bad)
71%
(Pox) Do
71%
(Pox) Do!
71%
(Jammi) | (Pox) The
71%
(Jammi) | (Pox and Jammi) | (Pox) To
71%
(Pox) Your
71%
(Jammi) | (Pox) You're
71%
(Jammi) About
57%
(Pox and Jammi) All
57%
(Pox and Jammi) Animosity
57%
(Pox and Jammi) Back
57%
(Pox and Jammi) Be
57%
(Pox) Birthday
57%
(Jammi) | (Pox and Jammi) Bit
57%
(Pox) Black
57%
(Pox) Bright
57%
(Jammi) | (Pox and Jammi) But
57%
(Pox) Butterflies
57%
(Pox) Can't
57%
(Pox) Da
57%
(Pox) Day?
57%
(Jammi) Day
57%
(Pox and Jammi) Don't!
57%
(Jammi) | (Pox and Jammi) | (Pox) Don't
57%
(Pox) Dream
57%
(Pox) Feeling
57%
(Pox and Jammi) | (Pox) Feels
57%
(Pox) Get
57%
(Pox and Jammi) | (Pox) Go
57%
(Pox and Jammi) Good!
57%
(Pox and Jammi) Got
57%
(Pox) Gray
57%
(Jammi) Great
57%
(Jammi) Hate
57%
(Pox) Haze
57%
(Pox and Jammi) | (Pox) I'm
57%
(Pox) In
57%
(Pox and Jammi) | (Pox) It
57%
(Pox and Jammi) Just
57%
(Jammi) (Just
57%
(Pox and Jammi) Keeps
57%
(Pox) Kid
57%
(Jammi) | (Pox and Jammi) | (Pox) Know
57%
(Pox and Jammi) Know!
57%
(Jammi) | (Pox and Jammi) Little
57%
(Jammi) Make
57%
(Pox and Jammi) Me
57%
(Pox) My
57%
(Pox) Nightmare
57%
(Pox) Of
57%
(Jammi) | (Pox and Jammi) | (Pox) On
57%
(Pox and Jammi) Outta
57%
(Jammi) | (Pox) Play
57%
(Pox) Poison
57%
(Pox and Jammi) Pouring
57%
(Pox) Rainbows
57%
(Jammi) Smiles
57%
(Pox and Jammi) So!
57%
(Jammi) | (Pox) So
57%
(Pox) Spiders
57%
(Jammi) Spreading
57%
(Jammi) Suffering
57%
(Pox) Sunny
57%
(Pox) Technicolor
57%
(Pox) Tell
57%
(Pox and Jammi) | (Pox) That
57%
(Pox) That's
57%
(Pox) They
57%
(Pox and Jammi) This
57%
(Pox and Jammi) Wanna
57%
(Pox) Well...
57%
(Jammi) What's
57%
(Pox) When
57%
(Pox and Jammi) Why!
57%
(Pox and Jammi) Why
57%
(Pox) Abusin'
43%
(Pox) Around!
43%
(Pox) Chaos
43%
(Pox) Clown?
43%
(Jammi) Could
43%
(Jammi) Debate
43%
(Pox) Down!
43%
(Jammi) Every
43%
(Pox) Everyone
43%
(Pox) Evil
43%
(Pox) Frowns!
43%
(Jammi) Help
43%
(Jammi) | (Pox) If
43%
(Jammi) Is
43%
(Pox) It's
43%
(Pox) Lightning
43%
(Pox) Like
43%
(Pox) Master
43%
(Pox) Missing
43%
(Jammi) | (Pox) No
43%
(Pox) Not...
43%
(Pox) Not
43%
(Pox) Nothing's
43%
(Jammi) There
43%
(Pox) Thunder
43%
(Pox) Tuesday
43%
(Pox) Twisted
43%
(Jammi) | (Pox) Want
43%
(Pox) Way
43%
(Pox) Care
29%
(Pox) Cause
29%
(Jammi) Come
29%
(Pox) Confusion
29%
(Pox) Fair
29%
(Pox) Found
29%
(Pox) Frightening
29%
(Pox) I've
29%
(Pox) Life's
29%
(Pox) Truth
29%
(Jammi) Who'd
29%
(Jammi) With
29%
(Pox) Ya
29%
(Pox) Yup
29%
(Pox) Bup
14%
(Pox) Daw
14%
(Jammi) (Whoa)
14%
No matching quizzes found
Score Distribution
Percent of People with Each Score
Percentile by Number Answered
Your Score History
You have not taken this quiz